Click the Capitals: G-J Quiz Stats

 Plays Quiz Updated Apr 18, 2019

Score 0/13 Timer 02:00
1 Play Today
% Correct
Helsinki
95.6%
Jerusalem
95.5%
Havana
94.9%
Guatemala City
93.2%
Islamabad
92%
Hanoi
91.5%
Jakarta
88.5%
Honiara
76.4%
Georgetown
74.9%
Juba
69.7%
Harare
68.4%
Gitega
64.9%
Gaborone
62.6%

You're not logged in!

Compare scores with friends on all Sporcle quizzes.
OR
Log In

Show Comments

Extras

Top Quizzes Today


Score Distribution

Your Account Isn't Verified!

In order to create a playlist on Sporcle, you need to verify the email address you used during registration. Go to your Sporcle Settings to finish the process.

Report this User

Report this user for behavior that violates our Community Guidelines.

Details: